Phân tích chuỗi giá trị ngành hàng bò sữa tỉnh Sóc Trăng : Luận văn tốt nghiệp cao học. Chuyên ngành Phát triển nông thôn

Đánh giá thực trạng sản xuất và tiêu thụ bò sữa ở tỉnh Sóc Trăng; phân tích chuỗi giá trị ngành hàng bò sữa; đề xuất các giải pháp nâng cao giá trị gia tăng chuỗi giá trị bò sữa ở tỉnh Sóc Trăng...

Descripción completa

Guardado en:
Detalles Bibliográficos
Autor principal: Nguyễn, Nhựt Trường
Formato: Libro
Lenguaje:Undetermined
Publicado: Cần Thơ Trường Đại học Cần Thơ 2015
Materias:
Etiquetas: Agregar Etiqueta
Sin Etiquetas, Sea el primero en etiquetar este registro!
Thư viện lưu trữ: Trung tâm Học liệu Trường Đại học Cần Thơ
LEADER 01146nam a2200217Ia 4500
001 CTU_209422
008 210402s9999 xx 000 0 und d
082 |a 636.2142 
082 |b Tr561 
088 |a 60620116 
100 |a Nguyễn, Nhựt Trường 
245 0 |a Phân tích chuỗi giá trị ngành hàng bò sữa tỉnh Sóc Trăng : 
245 0 |b Luận văn tốt nghiệp cao học. Chuyên ngành Phát triển nông thôn 
245 0 |c Nguyễn Nhựt Trường ; Nguyễn Ngọc Đệ (Hướng dẫn khoa học) 
260 |a Cần Thơ 
260 |b Trường Đại học Cần Thơ 
260 |c 2015 
520 |a Đánh giá thực trạng sản xuất và tiêu thụ bò sữa ở tỉnh Sóc Trăng; phân tích chuỗi giá trị ngành hàng bò sữa; đề xuất các giải pháp nâng cao giá trị gia tăng chuỗi giá trị bò sữa ở tỉnh Sóc Trăng 
650 |a Bò sữa 
904 |i Nguyễn Thị Phương Thảo (Nguyên) 
980 |a Trung tâm Học liệu Trường Đại học Cần Thơ